000 00716nam a2200217 i 4500
001 187032
003 SpMaBN
005 20230906222812.0
008 170403s1993 sp |||| | spa d
020 _a84-7719-367-3
080 _a821.134.2-1.09"19"
100 1 _aLópez Castro, Armando.
_973500
245 1 0 _aPoetas del 27 /
_cArmando López Castro.
260 _aLeón :
_bUniversidad de León, Secretariado de Publicaciones,
_c1993.
300 _a357 p. ;
_c24 cm.
504 _aReferencias bibliográficas.
650 4 _aPoesía española-
_yS.XX-
_xHistoria y crítica.
_916167
650 _aGeneración del 27 (Literatura)
_913050
710 2 _aUniversidad de León.
_97200
852 _aES-MaACL
_jL-31353
999 _c187032
_d187032